Statistics for Top Buckwheat Producing Countries

Click here to take the quiz!

General Stats

  • This quiz has been taken 28 times
  • The average score is 12 of 18

Answer Stats

Answer% Correct
China
100%
Poland
95%
Russia
95%
Ukraine
95%
United States
95%
France
90%
Kazakhstan
90%
Brazil
86%
Belarus
76%
Japan
71%
South Korea
57%
Latvia
48%
Lithuania
48%
Slovenia
48%
Czech Republic
43%
Nepal
24%
Bhutan
19%
Tanzania
10%

Score Distribution

Percentile by Number Answered

Percent of People with Each Score

Your Score History

You have not taken this quiz